000 00861nam a22002177a 4500
999 _c181867
_d181867
005 20211007145135.0
010 _aB -741715
020 _c600.00 (Solution Manual Worth 300.00 with this book
035 _aB -741715
037 _bGift
082 _a547
100 _aChouhan,M.S.
245 _aAdvanced Problesms in Organic Chemistry for JEE /
_cM.S. Chouhan
250 _a12th Edi
260 _aMuzaffarnagar (U.P.)
_bShri Balaji Publications
_c2018
270 _a6, Gulshan Vihar,Opp.Mahalaxmi Enclave,Jansath Road,
_bMuzaffarnagar (U.P.)
_e251001
_k0131-2660440(O0,2600503(R)
300 _a628P(302p.)
_c24cm(pbk)
500 _aSolution Manual Advanced Problems in with this book(part book)
942 _2ddc
_cEN
_h547
_mCHO